01464nam a2200289 a 450000100060000000300080000600500170001400800410003102000150007203500190008704000350010604100080014108200280014910000280017724500860020526000500029130000260034150000720036750400410043965000340048094200120051499900170052695201540054395201540069795201690085195201540102034838BD-RjUL20211209052223.0140519s1992 ii b 001 0 eng d a8171004431 a(BD-RjUL)34932 aBD-RjULbengcBD-RjULdBD-RjUL aeng a307.24 bBHR 1992223 1 aBhatia, Ajit S.910604510aRural-urban migration :ba study of socio-economic implications /cAjit S. Bhatia aNew Delhi :bDeep & Deep Publications,cc1992 aviii, 196 p. ;c22 cm aStudy with special reference to Patià„la District in Punjab, India aIncludes bibliography (p. [182]-193) 0aRural-urban migration9106046 2ddccBK c34838d34838 00102ddc40708NFICaRUCLbRUCLcStackd2005-01-12eDhaka, Paragon ent. Ltd.g225.00l0o307.24 BHR 1992r2014-05-19 00:00:00tC-3w2021-12-09yBK 00102ddc40708NFICaRUCLbRUCLcStackd2005-01-12eDhaka, Paragon ent. Ltd.g225.00l0o307.24 BHR 1992r2014-05-19 00:00:00tC-5w2021-12-09yBK 00102ddc40708NFICaRUCLbRUCLcStackd2005-12-07eDhaka paragon enterpriseg225.00l2m0o307.24 BHR 1992r2021-12-15 00:00:00s2021-12-15tC-4w2021-12-09yBK 00102ddc40718NFICaRUCLbRUCLcReadingd1999-06-12eAnkur Prokasoni, Dhakag215.00l0o307.24 BHR 1992r2016-12-11 00:00:00tC-1w2016-12-11yBK